[Event "CZE-ch U14 2020"]
[Site "Kouty nad Desnou"]
[Date "2020.03.10"]
[Round "5.9"]
[White "Zednicek, Filip"]
[Black "Prochazka, Vojtech"]
[Result "1/2-1/2"]
[WhiteElo "1365"]
[BlackElo "1763"]
[Annotator "NA"]
[PlyCount "61"]
[EventDate "2020.03.07"]
[EventCountry "CZE"]
[SourceTitle "playchess.com"]
[Source "ChessBase"]
[SourceQuality "1"]
[TimeControl "5400+30"]

1. e4 {[%emt 0:00:32]} c5 {[%emt 0:00:40]} 2. Nf3 {[%emt 0:01:38]} d6 {[%emt 0:00:22]} 3. d4 {[%emt 0:01:24]} Nf6 {[%emt 0:01:55]} 4. Nc3 {[%emt 0:03:01]} cxd4 {[%emt 0:00:10]} 5. Nxd4 {[%emt 0:00:09]} a6 {[%emt 0:00:32]} 6. Be2 {[%emt 0:02:24]} e6 {[%emt 0:02:39]} 7. Be3 {[%emt 0:03:50]} Nbd7 {[%emt 0:01:44]} 8. O-O {[%emt 0:03:05]} Qc7 {[%emt 0:07:31]} 9. f4 {[%emt 0:03:43]} b5 {[%emt 0:14:12]} 10. a3 {[%emt 0:03:40]} Bb7 {[%emt 0:02:30]} 11. Bf3 {[%emt 0:03:58]} Be7 {[%emt 0:04:44]} 12. Qe1 {[%emt 0:06:02]} Nb6 {[%emt 0:11:52]} 13. f5 {[%emt 0:08:48]} e5 {[%emt 0:02:37]} 14. Nde2 {[%emt 0:00:53]} Nc4 {[%emt 0:02:03]} 15. Bc1 {[%emt 0:00:30]} Qc5+ {[%emt 0:09:20]} 16. Qf2 {[%emt 0:00:54]} Qxf2+ {[%emt 0:00:35]} 17. Kxf2 {[%emt 0:00:18]} Rd8 {[%emt 0:03:19]} 18. b3 {[%emt 0:01:29]} Nb6 {[%emt 0:00:15]} 19. Be3 {[%emt 0:00:09]} Nbd7 {[%emt 0:00:09]} 20. Rad1 {[%emt 0:00:31]} Nc5 {[%emt 0:01:19]} 21. Ng3 {[%emt 0:01:27]} h5 {[%emt 0:00:36]} 22. Bxc5 {[%emt 0:01:45]} dxc5 {[%emt 0:00:08]} 23. h3 {[%emt 0:02:04]} b4 {[%emt 0:08:48]} 24. axb4 {[%emt 0:02:20]} cxb4 {[%emt 0:00:51]} 25. Nd5 {[%emt 0:00:18]} Nxd5 {[%emt 0:01:19]} 26. exd5 {[%emt 0:00:10]} Bh4 {[%emt 0:00:30]} 27. Rfe1 {[%emt 0:00:28]} f6 {[%emt 0:01:58]} 28. Re4 {[%emt 0:01:23]} Bxg3+ {[%emt 0:00:39]} 29. Kxg3 {[%emt 0:00:06]} a5 {[%emt 0:00:23]} 30. Rh4 {[%emt 0:00:24]} Kd7 {[%emt 0:03:41]} 31. Rc4 {[%emt 0:02:34]} 1/2-1/2

[Event "CZE-ch U14 2020"]
[Site "Kouty nad Desnou"]
[Date "2020.03.10"]
[Round "5.10"]
[White "Vilimek, Vit"]
[Black "Mrazek, Roman"]
[Result "1-0"]
[WhiteElo "1695"]
[BlackElo "1839"]
[Annotator "NA"]
[PlyCount "113"]
[EventDate "2020.03.07"]
[EventCountry "CZE"]
[SourceTitle "playchess.com"]
[Source "ChessBase"]
[SourceQuality "1"]
[TimeControl "5400+30"]

{[%evp 8,107,19,16,16,12,17,-5,8,-15,32767,32767,32767,32767,-48,-115,-43,-55,-51,-68,-66,-112,-45,-107,-31,-38,-37,-34,-30,-76,-16,-16,-20,-23,-16,-22,-19,-6,0,0,0,0,0,0,0,0,0,0,0,0,0,0,0,0,0,5,0,14,20,9,18,22,45,132,117,124,135,138,32767,32767,139,32767,32767,32767,224,175,170,182,32767,247,346,204,259,467,225,32767,32767,32767,32767,12836,29962,32767,6215,29971,12839,29978,29974,29975,29970,29970,29976,29982]} 1. e4 {[%emt 0:00:00]} c6 {[%emt 0:00:00]} 2. d4 {[%emt 0:00:00]} d5 {[%emt 0:00:00]} 3. Nc3 {[%emt 0:00:00]} dxe4 {[%emt 0:00:00]} 4. Nxe4 {[%emt 0:00:00]} Bf5 {[%emt 0:00:02]} 5. Ng3 {[%emt 0:00:00]} Bg6 {[%emt 0:00:10]} 6. h4 {[%emt 0:00:00]} h6 {[%emt 0:00:07]} 7. h5 {[%emt 0:00:00]} Bh7 {[%emt 0:00:26]} 8. Bc4 {[%emt 0:00:26] B18: Classical Caro-Kann: 4...Bf5 sidelines.} e6 {[%emt 0:00:56]} 9. N1e2 {[%emt 0:00:27]} Nf6 {[%emt 0:00:44]} 10. Nf4 {[%emt 0:01:06]} Bd6 {[%emt 0:02:35]} 11. Qe2 {[%emt 0:08:38]} (11. c3 $15) 11... Qe7 {[%emt 0:03:38] [#]} 12. O-O $146 {[%emt 0:08:23]} ({Predecessor:} 12. Be3 Nd5 13. Nxd5 cxd5 14. Bb5+ Nd7 15. O-O-O a6 16. Bd3 Bxd3 17. Rxd3 Nb6 18. Qg4 f6 19. Re1 O-O-O 20. Bf4 Bxf4+ 21. Qxf4 Nc4 22. Rc3 Qb4 23. Kd1 Qxb2 24. Rb3 {½-½ (24) Bismuth,S (1640)-Peyre,C (1730) Calvi 2005}) 12... Nd5 {[%emt 0:02:46]} 13. Bxd5 {[%emt 0:05:35]} cxd5 {[%emt 0:01:31]} 14. Qg4 {[%emt 0:01:17]} O-O {[%emt 0:07:47]} ({Of course not} 14... Bxc2 $6 15. Re1 $11) 15. Ng6 {[%emt 0:02:00]} Bxg6 {[%emt 0:01:50]} 16. hxg6 {[%emt 0:00:06]} fxg6 {[%emt 0:05:08]} 17. Qxg6 {[%emt 0:01:20]} Rf6 {[%emt 0:00:36]} 18. Qd3 {[%emt 0:04:46]} Bxg3 {[%emt 0:02:13]} ({Better is} 18... Nc6 $17 19. c3 Raf8) 19. fxg3 {[%emt 0:03:43]} Rxf1+ {[%emt 0:00:55]} 20. Kxf1 {[%emt 0:01:03]} Nc6 {[%emt 0:00:16]} 21. c3 {[%emt 0:00:22]} Rf8+ {[%emt 0:00:37]} 22. Kg1 $1 {[%emt 0:00:25]} Nd8 {[%emt 0:01:40]} 23. Bf4 {[%emt 0:01:50]} Nf7 {[%emt 0:03:08]} 24. Re1 {[%emt 0:01:17]} Nd6 {[%emt 0:00:32]} 25. Bxd6 {[%emt 0:07:27]} Qxd6 {[%emt 0:00:06]} 26. Re5 {[%emt 0:00:08]} Qb6 {[%emt 0:01:13]} 27. Qe2 {[%emt 0:07:49]} Rf6 {[%emt 0:00:50]} 28. b3 {[%emt 0:04:20]} Kf7 {[%emt 0:01:22]} 29. Qh5+ {[%emt 0:10:33]} Kf8 {[%emt 0:00:40]} 30. Qe2 {[%emt 0:01:52]} Kf7 {[%emt 0:00:15]} 31. Qd3 {[%emt 0:01:16]} Qc6 {[%emt 0:01:30]} 32. c4 {[%emt 0:01:15]} dxc4 {[%emt 0:02:43]} 33. bxc4 {[%emt 0:03:08]} Qb6 {[%emt 0:01:54]} 34. Kh2 {[%emt 0:01:21]} Rg6 {[%emt 0:02:42]} 35. d5 {[%emt 0:03:21]} Qd6 {[%emt 0:01:30]} 36. Qf3+ {[%emt 0:04:42]} Kg8 {[%emt 0:02:11]} 37. Rxe6 {[%emt 0:03:08]} Rxe6 {[%emt 0:00:09]} 38. dxe6 {[%emt 0:00:10]} Qxe6 {[%emt 0:00:24]} 39. Qxb7 {[%emt 0:00:36]} Qxc4 {[%emt 0:00:10]} 40. Qxa7 {[%emt 0:00:21]} Qe2 {[%emt 0:00:41]} (40... Qd5 $16 {is a better defense.}) 41. Qa8+ {[%emt 0:01:32]} Kh7 {[%emt 0:00:19]} 42. Qd5 {[%emt 0:00:57]} Kh8 {[%emt 0:00:28]} 43. a4 {[%emt 0:01:11]} Qa6 {[%emt 0:00:27]} (43... h5 $142 44. a5 Kh7 45. Qf5+ Kh6) 44. a5 {[%emt 0:00:14]} (44. Qb5 $142 Qc8 45. a5) 44... Kh7 {[%emt 0:00:41]} 45. Qf5+ {[%emt 0:00:29]} g6 {[%emt 0:01:06]} 46. Qf7+ {[%emt 0:00:30]} Kh8 {[%emt 0:00:12]} 47. Qe8+ {[%emt 0:00:12]} Kh7 {[%emt 0:00:16]} 48. Qd7+ {[%emt 0:00:05]} Kh8 $2 {[%emt 0:00:41]} (48... Kg8 $18 49. Qc7 Qb5) 49. Qd8+ {[%emt 0:00:33]} Kh7 {[%emt 0:00:16]} 50. Qc7+ {[%emt 0:00:05]} Kh8 {[%emt 0:00:27]} 51. Qb6 {[%emt 0:00:06]} Qd3 {[%emt 0:00:38]} 52. Qf6+ {[%emt 0:00:34]} Kh7 {[%emt 0:00:21]} 53. a6 {[%emt 0:00:39]} Qd5 {[%emt 0:00:14]} 54. a7 {[%emt 0:01:27]} Qa8 {[%emt 0:00:57]} 55. Qe7+ {[%emt 0:00:09]} Kh8 {[%emt 0:00:35]} 56. Qe5+ {[%emt 0:00:19]} Kh7 {[%emt 0:00:03]} 57. Qc7+ {[%emt 0:00:09]} 1-0

[Event "CZE-ch U14 2020"]
[Site "Kouty nad Desnou"]
[Date "2020.03.10"]
[Round "5.11"]
[White "Richter, Rudolf"]
[Black "Licka, Denis"]
[Result "1-0"]
[WhiteElo "1555"]
[BlackElo "1594"]
[Annotator "NA RC"]
[PlyCount "105"]
[EventDate "2020.03.07"]
[EventCountry "CZE"]
[SourceTitle "playchess.com"]
[Source "ChessBase"]
[SourceQuality "1"]
[TimeControl "5400+30"]

1. d4 {[%emt 0:00:00]} Nf6 {[%emt 0:00:00]} 2. c4 {[%emt 0:00:00]} e6 {[%emt 0:00:00]} 3. g3 {[%emt 0:00:00]} Bb4+ {[%emt 0:01:21]} 4. Bd2 {[%emt 0:00:01]} c5 {[%emt 0:00:11]} 5. Bxb4 {[%emt 0:00:31]} cxb4 {[%emt 0:00:06]} 6. Nf3 {[%emt 0:00:50]} Nc6 {[%emt 0:00:22]} 7. Bg2 {[%emt 0:01:31]} O-O {[%emt 0:00:37]} 8. O-O {[%emt 0:00:28]} d6 {[%emt 0:00:24]} 9. Re1 {[%emt 0:03:36]} e5 {[%emt 0:00:11]} 10. e4 {[%emt 0:04:09]} Bg4 {[%emt 0:03:03]} 11. d5 {[%emt 0:02:19]} Nd4 {[%emt 0:03:59]} 12. Qd3 {[%emt 0:04:11]} Bxf3 {[%emt 0:05:41]} 13. Bxf3 {[%emt 0:00:13]} Nxf3+ {[%emt 0:01:01]} 14. Qxf3 {[%emt 0:00:06]} Rc8 {[%emt 0:01:13]} 15. Nd2 {[%emt 0:04:17]} Qb6 {[%emt 0:02:38]} 16. Qe3 {[%emt 0:01:22]} Qxe3 {[%emt 0:06:42]} 17. Rxe3 {[%emt 0:00:19]} Nd7 {[%emt 0:00:35]} 18. a3 {[%emt 0:02:19]} bxa3 {[%emt 0:01:05]} 19. Rexa3 {[%emt 0:04:40]} a6 {[%emt 0:00:24]} 20. b4 {[%emt 0:01:09]} Nb6 {[%emt 0:05:28]} 21. Rc3 {[%emt 0:02:43]} Rc7 {[%emt 0:02:25]} 22. Rac1 {[%emt 0:05:31]} Rfc8 {[%emt 0:00:46]} 23. c5 {[%emt 0:04:32]} Nd7 {[%emt 0:07:53]} 24. Nb3 {[%emt 0:06:35]} dxc5 {[%emt 0:03:37]} 25. bxc5 {[%emt 0:02:45]} Kf8 {[%emt 0:37:46]} 26. c6 {[%emt 0:19:51]} bxc6 {[%emt 0:07:47]} 27. Rxc6 {[%emt 0:00:46]} Rxc6 {[%emt 0:00:19]} 28. dxc6 {[%emt 0:00:05]} Nb8 {[%emt 0:01:11]} 29. c7 {[%emt 0:02:06]} Nd7 {[%emt 0:00:35]} 30. Rc6 {[%emt 0:04:51]} Ke7 {[%emt 0:05:59]} 31. Na5 {[%emt 0:02:24]} Nf8 {[%emt 0:01:39]} 32. Nc4 {[%emt 0:01:52]} Ne6 {[%emt 0:00:31]} 33. Nxe5 {[%emt 0:02:07]} Nxc7 34. Rb6 {[%emt 0:02:20]} f6 {[%emt 0:01:00]} 35. Nc6+ {[%emt 0:01:08]} Kd7 {[%emt 0:00:29]} 36. Nb8+ {[%emt 0:00:31]} Kd8 {[%emt 0:00:31]} 37. Nxa6 {[%emt 0:00:56]} Nxa6 {[%emt 0:00:13]} 38. Rxa6 {[%emt 0:00:04]} Kd7 {[%emt 0:00:16]} 39. Ra7+ {[%emt 0:00:54]} Rc7 {[%emt 0:00:07]} 40. Rxc7+ {[%emt 0:00:46]} Kxc7 {[%emt 0:00:05]} 41. f4 {[%emt 0:00:33]} Kd6 {[%emt 0:00:00]} 42. Kf2 {[%emt 0:00:00]} g6 {[%emt 0:00:00]} 43. Ke3 {[%emt 0:00:00]} g5 {[%emt 0:00:00]} 44. fxg5 {[%emt 0:00:00]} fxg5 {[%emt 0:00:00]} 45. g4 {[%emt 0:00:00]} Ke5 {[%emt 0:00:00]} 46. h3 {[%emt 0:00:00]} Kf6 {[%emt 0:00:00]} 47. Kd4 {[%emt 0:00:00]} Ke6 {[%emt 0:00:00]} 48. e5 {[%emt 0:00:00]} Ke7 {[%emt 0:00:14]} 49. Kd5 {[%emt 0:00:00]} Kd7 {[%emt 0:00:14]} 50. e6+ {[%emt 0:00:00]} Ke7 {[%emt 0:00:22]} 51. Ke5 {[%emt 0:00:00]} Kf8 {[%emt 0:00:28]} 52. Kf6 {[%emt 0:00:00]} h6 {[%emt 0:00:08]} 53. Kg6 {[%emt 0:00:00]} 1-0

[Event "CZE-ch U14 2020"]
[Site "Kouty nad Desnou"]
[Date "2020.03.10"]
[Round "5.12"]
[White "Kanak, Matyas"]
[Black "Mohapl, Tomas"]
[Result "1/2-1/2"]
[WhiteElo "1499"]
[BlackElo "1654"]
[Annotator "NA"]
[PlyCount "65"]
[EventDate "2020.03.07"]
[EventCountry "CZE"]
[SourceTitle "playchess.com"]
[Source "ChessBase"]
[SourceQuality "1"]
[TimeControl "5400+30"]

1. e4 {[%emt 0:00:00]} c5 {[%emt 0:00:00]} 2. Nf3 {[%emt 0:00:00]} d6 {[%emt 0:00:04]} 3. d4 {[%emt 0:07:33]} cxd4 {[%emt 0:00:40]} 4. Nxd4 {[%emt 0:00:06]} Nf6 {[%emt 0:00:18]} 5. Nc3 {[%emt 0:00:16]} a6 {[%emt 0:00:21]} 6. Be2 {[%emt 0:02:35]} e5 {[%emt 0:00:43]} 7. Nb3 {[%emt 0:00:07]} Be6 {[%emt 0:00:17]} 8. Be3 {[%emt 0:04:04]} Be7 {[%emt 0:00:53]} 9. f3 {[%emt 0:03:55]} Nbd7 {[%emt 0:03:28]} 10. Qd2 {[%emt 0:03:06]} O-O {[%emt 0:03:50]} 11. O-O-O {[%emt 0:01:15]} b5 {[%emt 0:01:38]} 12. g4 {[%emt 0:00:37]} Nb6 {[%emt 0:00:59]} 13. h4 {[%emt 0:16:50]} b4 {[%emt 0:04:54]} 14. Nb1 {[%emt 0:03:22]} a5 {[%emt 0:12:04]} 15. h5 {[%emt 0:15:50]} Qb8 {[%emt 0:29:34]} 16. g5 Nfd7 17. g6 {[%emt 0:00:49]} hxg6 {[%emt 0:03:47]} 18. h6 {[%emt 0:01:33]} f6 {[%emt 0:08:35]} 19. hxg7 {[%emt 0:00:07]} Kxg7 {[%emt 0:00:12]} 20. Bh6+ {[%emt 0:00:58]} Kf7 {[%emt 0:00:09]} 21. Bxf8 {[%emt 0:00:18]} Bxf8 {[%emt 0:00:13]} 22. Rh7+ {[%emt 0:00:13]} Ke8 {[%emt 0:00:22]} 23. c3 {[%emt 0:27:39]} a4 {[%emt 0:02:49]} 24. Na1 {[%emt 0:00:12]} Bxa2 {[%emt 0:02:40]} 25. cxb4 {[%emt 0:00:09]} Be6 {[%emt 0:04:20]} 26. Na3 {[%emt 0:00:19]} Qb7 {[%emt 0:02:54]} 27. N1c2 {[%emt 0:00:16]} Rc8 {[%emt 0:00:53]} 28. Bb5 {[%emt 0:03:50]} Rc7 {[%emt 0:04:17]} 29. Rh8 {[%emt 0:00:34]} d5 {[%emt 0:02:48]} 30. Qh6 Ke7 {[%emt 0:00:36]} 31. Rh7+ {[%emt 0:04:12]} Kd8 {[%emt 0:00:28]} 32. Rh8 {[%emt 0:00:23]} Ke7 {[%emt 0:00:25]} 33. Rh7+ {[%emt 0:00:07]} 1/2-1/2

[Event "CZE-ch U14 2020"]
[Site "Kouty nad Desnou"]
[Date "2020.03.11"]
[Round "6.1"]
[White "Smolik, Jachym"]
[Black "Stalmach, Richard"]
[Result "0-1"]
[WhiteElo "2025"]
[BlackElo "2259"]
[Annotator "TA"]
[PlyCount "64"]
[EventDate "2020.03.07"]
[EventCountry "CZE"]
[SourceTitle "playchess.com"]
[Source "ChessBase"]
[SourceQuality "1"]

{[%evp 19,64,0,7,-16,-7,-57,-59,-57,-56,-88,-83,-118,-119,-118,-111,-115,-122,-197,-188,-249,-184,-181,-180,-171,-177,-166,-183,-393,-377,-373,-364,-591,-585,-540,-549,-1182,-1135,-5736,-5101,-29986,-29987,-29987,-29988,-29987,-29988,-5477,-1658]} 1. e4 c5 2. Nc3 Nc6 3. Nf3 e6 4. d4 cxd4 5. Nxd4 Qc7 6. g3 a6 7. Bg2 Nf6 8. O-O Be7 9. Re1 O-O 10. Nb3 d6 11. Bf4 {B80: Sicilian Scheveningen: 6 g3 and 6 Be3, including English Attack.} Ne5 {[#]} 12. Bf1 $146 ({Predecessor:} 12. Qe2 Bd7 13. Nd2 Rac8 14. Nf3 b5 15. a3 Bc6 16. Nxe5 dxe5 17. Be3 Qb7 18. f3 Nd7 {0-1 (37) Hajiarbabi,K (1747)-Karagianis,P (2186) Indianapolis 2016}) 12... b5 13. a3 {Black is slightly better.} Bb7 14. h3 Rac8 15. g4 Nfd7 16. Bg3 Nb6 17. Na5 Ba8 18. f4 {[#]} (18. Bg2 $17) 18... Ng6 $1 $19 19. Bd3 (19. f5 {was called for.} Ne5 20. Qe2) 19... Nc4 20. Nxc4 bxc4 21. Bf1 Bh4 $36 {[%mdl 2048] Black is in control.} 22. Bxh4 Nxh4 23. Kf2 $2 (23. Qe2) 23... Qc5+ 24. Re3 f5 {Threatens to win with ...fxe4.} 25. gxf5 $2 (25. Na4 Qc6 {[%mdl 64] Double Attack} 26. gxf5 Qxa4 27. Kg3 exf5 28. Kxh4 fxe4 29. Kg3) 25... exf5 26. Qh5 Ng6 {[%cal Bh4g6,Bg6f4,Bf4d5,Bd5f4][%mdl 32]} 27. exf5 Rxf5 {[%mdl 64] [#] Double Attack} 28. Qe2 Nxf4 29. Qxc4+ Nd5+ {[%mdl 64] Pin} 30. Kg2 Qxe3 31. Qxc8+ Rf8 32. Qxa8 Nf4+ {[%mdl 64] Double Attack. Black took control after the opening. Accuracy: White = 31%, Black = 95%.} 0-1

[Event "CZE-ch U14 2020"]
[Site "Kouty nad Desnou"]
[Date "2020.03.11"]
[Round "6.2"]
[White "Hak, David"]
[Black "Babula, Vlastimil"]
[Result "1-0"]
[WhiteElo "2120"]
[BlackElo "2567"]
[Annotator "TA"]
[PlyCount "73"]
[EventDate "2020.03.07"]
[EventCountry "CZE"]
[SourceTitle "playchess.com"]
[Source "ChessBase"]
[SourceQuality "1"]

{[%evp 21,73,55,56,40,68,63,90,65,67,47,56,40,58,70,60,62,85,39,56,47,72,-15,-31,-53,95,71,146,148,166,162,154,71,58,47,408,366,600,485,495,476,578,452,452,427,2159,1950,2289,2052,2033,1793,29980,29980,29986,29987]} 1. d4 Nf6 2. c4 g6 3. Nc3 Bg7 4. e4 d6 5. Nf3 O-O 6. Be2 e5 7. O-O Nc6 8. d5 Ne7 9. Ne1 Nd7 10. Nd3 f5 11. f3 f4 12. a4 {[%cal Ba2a4,Ba4a5][%mdl 32] E99: King's Indian: Classical Main Line: 9 Ne1 Nd7 10 f3 f5.} g5 13. b4 Ng6 14. Bd2 {White is better.} Nf6 15. c5 Rf7 16. a5 Bf8 17. c6 {[#]} bxc6 $146 ({Predecessor:} 17... h5 18. h3 Rg7 19. Qb3 Kh8 20. cxb7 Bxb7 21. b5 Ne7 22. Kf2 Rh7 23. Rh1 Bc8 {0-1 (44) Pohlig,B-Czech,T Merzig 1996}) 18. dxc6 Rg7 19. Qb3+ Kh8 20. b5 {Hoping for b6.} Rb8 21. g4 (21. Qd1 $16) 21... fxg3 $11 22. hxg3 Bh3 (22... Nf4 $1 $15 {keeps the upper hand.}) 23. Rf2 $1 $16 (23. Bxg5 $6 Nf4 $14) 23... Nf4 (23... g4 $142) 24. g4 $1 $36 {[%mdl 2048] White is on the roll.} ({Avoid the trap} 24. gxf4 $2 gxf4+ 25. Kh2 (25. Kh1 $2 Nxe4 26. Qf7 Ng3+ 27. Kg1 Nxe2+ {[%mdl 64] Discovered Attack (Double check)} 28. Kh1 Ng3+ 29. Kg1 Rxf7 $19) 25... Nxe4 $1 $19 {[%mdl 512]}) 24... Qc8 25. Bxf4 gxf4 {[#]} 26. Qd1 ({Stronger than} 26. Rh2 Bxg4 27. fxg4 Nxg4 $11) (26. Kh1 $142 $1) 26... d5 27. Nxd5 Nxe4 $2 {[%mdl 8192] This move loses the game for Black.} (27... Nxd5 $14 28. exd5 e4 29. fxe4 Bxg4) 28. fxe4 $18 h5 $2 (28... Qe6 29. Kh1 Bd6) 29. Rh2 hxg4 30. Bf1 Rxb5 31. Bxh3 gxh3+ 32. Kh1 Rg3 (32... Qe6 $142 33. Qh5+ {[%mdl 64] Double Attack} Kg8 34. Qxe5 Qxe5 35. Nxe5 Rg3) 33. Qh5+ {[%mdl 64] Double Attack} Kg7 34. Qxe5+ {[%mdl 64] Double Attack} Kh7 35. Nf6+ {[%mdl 64] Discovered Attack} Kh6 36. Qxb5 Rg5 37. Ne5 {Accuracy: White = 74%, Black = 41%.} 1-0

[Event "CZE-ch U14 2020"]
[Site "Kouty nad Desnou"]
[Date "2020.03.11"]
[Round "6.3"]
[White "Winter, Ondrej"]
[Black "Lang, Simon"]
[Result "1-0"]
[WhiteElo "1896"]
[BlackElo "1779"]
[Annotator "NA RC"]
[PlyCount "91"]
[EventDate "2020.03.07"]
[EventCountry "CZE"]
[SourceTitle "playchess.com"]
[Source "ChessBase"]
[SourceQuality "1"]
[TimeControl "5400+30"]

{[%evp 14,80,30,42,33,28,89,0,18,-146,-154,-141,-159,-143,34,35,45,33,33,38,83,57,73,21,39,39,39,18,222,227,478,493,485,235,212,211,221,227,376,32767,32767,32767,32767,32767,104,123,102,119,132,130,32767,32767,315,32767,335,429,510,32767,531,489,32767,32767,570,662,907,1566,859,1646,12841]} 1. e4 {[%emt 0:00:00]} e6 {[%emt 0:00:00]} 2. d4 {[%emt 0:00:00]} d5 {[%emt 0:01:27]} 3. Nd2 {[%emt 0:00:08]} Nf6 {[%emt 0:01:43]} 4. e5 {[%emt 0:00:06]} Nfd7 {[%emt 0:02:11]} 5. Bd3 {[%emt 0:00:07]} c5 {[%emt 0:01:08]} 6. c3 {[%emt 0:00:05]} Nc6 {[%emt 0:01:23]} 7. Ne2 {[%emt 0:00:09]} Be7 {[%emt 0:01:24]} 8. Nf3 {[%emt 0:01:06]} O-O {[%emt 0:01:37] 8...cxd4 injects fresh life into this line.} 9. O-O {[%emt 0:00:04] C06: French Tarrasch: 3...Nf6 4 e5 Nfd7 5 Bd3 main lines.} f6 {[%emt 0:02:11]} ({Better is} 9... b6 $14) 10. Nf4 {[%emt 0:05:53]} ({White should play} 10. exf6 $14 Nxf6 11. Re1) 10... Ndxe5 $1 {[%emt 0:14:25]} 11. Bxh7+ {[%emt 0:46:23]} (11. dxe5 $11 fxe5 12. Ng6 hxg6 13. Bxg6) 11... Kxh7 {[%emt 0:09:30]} 12. Qc2+ {[%emt 0:00:35]} Kg8 {[%emt 0:00:32]} 13. dxe5 {[%emt 0:00:28] [#]} Nxe5 $2 $146 {[%emt 0:02:38]} ({Predecessor:} 13... fxe5 $19 14. Ng6 Rf5 15. Nxe7+ Qxe7 16. h4 e4 17. Ng5 Ne5 18. f3 exf3 19. Bf4 Nf7 20. Rxf3 {½-½ (54) Bazarov,V (1800)-Khudyakov,S (2126) Moscow 2019}) 14. Nxe5 {[%emt 0:00:07]} fxe5 {[%emt 0:00:14]} 15. Ng6 $1 {[%emt 0:00:21]} Rf5 {[%emt 0:11:31]} 16. g4 $1 {[%emt 0:02:36]} Rf3 {[%emt 0:06:57]} 17. Nxe5 {[%emt 0:00:54]} Rh3 {[%emt 0:00:18]} 18. Bf4 {[%emt 0:08:16]} b6 {[%emt 0:15:23]} 19. Rae1 {[%emt 0:03:02]} Bf6 {[%emt 0:04:33]} 20. Qg6 {[%emt 0:09:08]} Rh4 $2 {[%emt 0:00:29] [#]} ({Black should try} 20... Qf8 $14) 21. Nf3 $1 {[%emt 0:05:07]} ({Much less strong is} 21. Bg3 $6 Rh6 $16) 21... d4 $2 {[%emt 0:02:21]} (21... Rh3 {might work better.}) 22. Nxh4 {[%emt 0:02:34]} Bxh4 {[%emt 0:02:29]} 23. Be5 {[%emt 0:05:42]} (23. Re5 $142) 23... Qe7 {[%emt 0:04:33]} 24. cxd4 {[%emt 0:00:23]} Ba6 {[%emt 0:01:20]} 25. dxc5 {[%emt 0:03:29]} bxc5 {[%emt 0:01:11]} (25... Bxf1 {was worth a try.} 26. Bd6 (26. Kxf1 bxc5 27. Qe4 Rd8 $18) 26... Qf7 27. Qxf7+ Kxf7) 26. Bc3 {[%emt 0:03:53]} Bxf1 {[%emt 0:00:39]} 27. Kxf1 {[%emt 0:00:51]} Rf8 {[%emt 0:03:19]} 28. Qxe6+ {[%emt 0:01:01]} Qxe6 {[%emt 0:00:30]} 29. Rxe6 {[%emt 0:00:05]} Rxf2+ {[%emt 0:00:21]} 30. Kg1 {[%emt 0:00:15]} Rf4 {[%emt 0:02:09]} 31. h3 {[%emt 0:00:41]} Kf7 {[%emt 0:00:57]} 32. Ra6 {[%emt 0:00:39]} Rf3 {[%emt 0:00:07]} 33. Rxa7+ {[%emt 0:00:21]} Ke6 {[%emt 0:00:08]} 34. Rxg7 {[%emt 0:00:52]} c4 {[%emt 0:01:21]} 35. Rh7 {[%emt 0:01:02]} Bg5 {[%emt 0:01:00]} 36. Kg2 {[%emt 0:00:17]} Rd3 {[%emt 0:00:41]} 37. Rc7 {[%emt 0:01:17]} Bc1 {[%emt 0:00:50]} 38. Rxc4 {[%emt 0:00:20]} Bxb2 {[%emt 0:00:07]} 39. Bxb2 {[%emt 0:00:14]} Rd2+ {[%emt 0:00:06]} 40. Kg3 {[%emt 0:00:06]} Rxb2 $18 {[%emt 0:00:08]} 41. Ra4 {[%emt 0:00:09]} Kf6 {[%emt 0:00:19]} 42. Ra6+ {[%emt 0:00:10]} Ke5 {[%emt 0:00:22]} 43. a4 {[%emt 0:00:21]} Ra2 {[%emt 0:00:15]} 44. a5 {[%emt 0:00:05]} Ra1 {[%emt 0:00:16]} 45. Ra8 {[%emt 0:00:26]} Kf6 {[%emt 0:00:20]} 46. a6 {[%emt 0:00:08]} 1-0

[Event "CZE-ch U14 2020"]
[Site "Kouty nad Desnou"]
[Date "2020.03.11"]
[Round "6.4"]
[White "Hlavina, Matous"]
[Black "Petricek, Lukas"]
[Result "0-1"]
[WhiteElo "1986"]
[BlackElo "2106"]
[Annotator "ChessBase"]
[PlyCount "56"]
[EventDate "2020.03.07"]
[EventCountry "CZE"]
[SourceTitle "playchess.com"]
[Source "ChessBase"]
[SourceQuality "1"]
[TimeControl "5400+30"]

1. e4 {[%emt 0:00:00]} c5 {[%emt 0:00:00]} 2. Nf3 {[%emt 0:00:00]} d6 {[%emt 0:00:00]} 3. d4 {[%emt 0:00:25]} cxd4 {[%emt 0:00:00]} 4. Nxd4 {[%emt 0:00:01]} Nf6 {[%emt 0:00:00]} 5. Nc3 {[%emt 0:00:08]} a6 {[%emt 0:00:04]} 6. f3 {[%emt 0:00:13]} e6 {[%emt 0:00:08]} 7. Be3 {[%emt 0:00:06]} b5 {[%emt 0:00:07]} 8. Qd2 {[%emt 0:00:47]} Nbd7 {[%emt 0:00:07]} 9. g4 {[%emt 0:00:41]} Nb6 {[%emt 0:00:08]} 10. a3 {[%emt 0:02:50]} Nfd7 {[%emt 0:00:15]} 11. Qf2 {[%emt 0:12:45]} Bb7 {[%emt 0:05:27]} 12. h4 {[%emt 0:02:10]} Rc8 {[%emt 0:00:45]} 13. g5 {[%emt 0:04:04]} Rxc3 {[%emt 0:14:15]} 14. bxc3 {[%emt 0:01:36]} Qc7 {[%emt 0:00:42]} 15. Bd2 {[%emt 0:07:31]} d5 {[%emt 0:03:04]} 16. Bd3 {[%emt 0:02:49]} Bd6 {[%emt 0:00:46]} 17. Ke2 {[%emt 0:05:54]} Nc4 {[%emt 0:23:11]} 18. Bc1 {[%emt 0:05:07]} Ndb6 {[%emt 0:00:47]} 19. Rg1 {[%emt 0:09:34]} Na4 {[%emt 0:08:12]} 20. Qe1 {[%emt 0:01:46]} Be5 {[%emt 0:00:46]} 21. Rg4 {[%emt 0:03:21]} dxe4 {[%emt 0:13:31]} 22. Bxe4 {[%emt 0:04:55]} Bxe4 {[%emt 0:00:16]} 23. fxe4 {[%emt 0:02:36]} O-O {[%emt 0:02:32]} 24. Be3 {[%emt 0:04:13]} Nxe3 {[%emt 0:04:00]} 25. Kxe3 {[%emt 0:00:13]} Nxc3 {[%emt 0:05:17]} 26. Rg2 {[%emt 0:07:10]} Qc5 {[%emt 0:00:18]} 27. Rd2 {[%emt 0:00:06]} Bxd4+ {[%emt 0:00:43]} 28. Rxd4 {[%emt 0:00:06]} e5 {[%emt 0:00:03]} 0-1